Biochemical microcalorimetry (Record no. 25877)

MARC details
000 -LEADER
fixed length control field 00378nam a2200145Ia 4500
082 ## - DEWEY DECIMAL CLASSIFICATION NUMBER
Classification number 577.1:536.6
Item number BRO
245 #0 - TITLE STATEMENT
Title Biochemical microcalorimetry
260 ## - PUBLICATION, DISTRIBUTION, ETC. (IMPRINT)
Place of publication New York
Name of publisher Academic
Year of publication 1969
650 ## - SUBJECT ADDED ENTRY--TOPICAL TERM
Topical Term Biochemical substances
650 ## - SUBJECT ADDED ENTRY--TOPICAL TERM
Topical Term Calorimetry
650 ## - SUBJECT ADDED ENTRY--TOPICAL TERM
Topical Term Carbohydrate
700 ## - ADDED ENTRY--PERSONAL NAME
Personal name BROWN, Harry Darrow
942 ## - ADDED ENTRY ELEMENTS (KOHA)
Koha item type Books
Holdings
Withdrawn status Lost status Damaged status Not for loan Home library Current library Date acquired Full call number Accession Number Koha item type
        RRII Library RRII Library 16/12/2021 577.1:536.6 BRO 06520 Books